00343 2200145 4500001002100000005001500021035002000036245004100056100001800097300001200115260003600127082000800163084001400171990001200185INLIS00000000000238420250528115232 a0010-05250006761 aCinta dan Kesetiaan /cKahlil Gibran0 aKahlil Gibran a143 hlm aYogyakarta :bDiva Press,c2004 a813 a813 KAH c a0712661